Vista normal
Vista MARC
Entrada Personal Name
Número de registros utilizados en: 1
001 - CONTROL NUMBER
- control field: 65021
003 - CONTROL NUMBER IDENTIFIER
- control field: OSt
005 - DATE AND TIME OF LATEST TRANSACTION
- control field: 20250919135325.0
008 - FIXED-LENGTH DATA ELEMENTS
- fixed length control field: 250919|| aca||aabn | a|a d
040 ## - CATALOGING SOURCE
- Original cataloging agency: OSt
- Transcribing agency: OSt
100 ## - HEADING--PERSONAL NAME
- Personal name: Claudio, Emperador de Roma,
- Dates associated with a name: 10 a. de JC-54
670 ## - SOURCE DATA FOUND
- Source citation: Work cat.: (OSt)46462: Graves, Robert 1895-1985 autor 65018, Yo, Claudio /